000 00464nam a2200181Ia 4500
001 25151
005 20260414151131.0
008 260414t2006||||xx |||||||||||||| ||spa||
041 _aESP
082 _a346.24
_bC
100 _aAlventosa del Río, Josefina (dir.)
_eAUT
245 0 _aMatrimonio y adopción por personas del mismo sexo
_b
260 _c2006
300 _a632 páginas :
_c22 cm.
650 _aDER
654 _aCDE
942 _cLIB
_dJUS
_fJUS
_2ddc
_n
999 _c25151
_d25151